Every Place in Utah on a Map - Statistics

General Stats
  • This quiz has been taken 406 times
  • The average score is 78 of 333
Answers on the Map
Answers color-coded by a green-red scale on the quiz's map according to % correct below.
 
Answer Stats
Population Place % Correct
199,723 Salt Lake City
98%
115,162 Provo
86%
95,342 St. George
81%
87,321 Ogden
76%
52,778 Logan
68%
116,961 West Jordan
68%
140,230 West Valley City
66%
98,129 Orem
65%
96,904 Sandy
61%
77,487 South Jordan
61%
5,366 Moab
60%
35,235 Cedar City
58%
75,907 Lehi
58%
8,396 Park City
58%
42,602 Spanish Fork
57%
35,742 Tooele
55%
33,337 American Fork
54%
20,036 Hurricane
54%
81,773 Layton
54%
19,650 Brigham City
51%
26,777 South Salt Lake
50%
27,993 Washington
50%
51,017 Draper
49%
10,079 Vernal
49%
45,762 Bountiful
46%
6,443 Nephi
46%
21,907 North Salt Lake
46%
24,531 Farmington
45%
16,856 Heber
45%
50,637 Murray
45%
3,592 Beaver
44%
37,696 Saratoga Springs
43%
1,115 Wendover
43%
55,144 Herriman
42%
20,916 North Ogden
42%
43,623 Eagle Mountain
41%
4,683 Kanab
41%
8,216 Price
41%
35,268 Springville
41%
63,380 Millcreek
40%
21,101 Payson
40%
36,028 Midvale
39%
60,448 Taylorsville
39%
240 Bluff
38%
5,611 Ephraim
38%
32,945 Kaysville
38%
3,429 Manti
38%
8,201 Richfield
38%
45,285 Riverton
38%
17,488 South Ogden
38%
33,617 Cottonwood Heights
37%
29,251 Magna
37%
3,655 Mount Pleasant
37%
6,747 Roosevelt
37%
31,965 Holladay
36%
36,723 Kearns
36%
39,306 Roy
36%
847 Green River
35%
4,071 Morgan
35%
1,824 Monticello
34%
13,725 Santaquin
34%
2,592 Fillmore
33%
32,141 Syracuse
33%
9,894 Tremonton
33%
3,394 Blanding
32%
17,014 Bluffdale
32%
31,909 Clearfield
32%
3,622 Delta
32%
8,978 Ivins
32%
37,726 Pleasant Grove
32%
10,251 Alpine
31%
228 Alta
30%
12,617 Grantsville
30%
21 Mexican Hat
30%
2,112 Helper
29%
11,365 Mapleton
29%
6,003 Midway
29%
1,544 Moroni
29%
10,986 North Logan
29%
1,725 Panguitch
29%
1,486 Coalville
28%
1,588 Duchesne
28%
19,348 Highland
28%
2,092 Kamas
28%
9,343 Riverdale
28%
2,441 Salina
28%
7,553 Santa Clara
28%
16,884 Centerville
27%
11,397 Lindon
27%
2,996 Parowan
27%
7,374 Enoch
26%
240 Garden
26%
514 Springdale
26%
1,454 Uintah
26%
11,410 Woods Cross
26%
432 Brighton
25%
1,492 Castle Dale
25%
307 Emery
25%
7,691 Farr West
25%
4,354 La Verkin
25%
1,090 Mantua
25%
9,298 Salem
25%
13,571 Smithfield
25%
163 Snowville
25%
12,543 Vineyard
25%
670 Virgin
25%
662 Eureka
24%
9,087 Hooper
24%
9,362 Hyrum
24%
516 Loa
24%
308 Manila
24%
1,431 Milford
24%
1,750 Mona
24%
467 Randolph
24%
7,867 South Weber
24%
5,522 White City
24%
10,019 Cedar Hills
23%
23,386 Clinton
23%
141 Dutch John
23%
9,851 Stansbury Park
23%
10,963 West Point
23%
1,466 Emigration Canyon
22%
2,027 | 575 Enterprise
22%
6,101 Fruit Heights
22%
602 Garden City
22%
3,509 Gunnison
22%
573 Huntsville
22%
1,196 Benjamin
21%
916 Daniel
21%
158 Hanksville
21%
288 Joseph
21%
5,555 Perry
21%
170 Summit
21%
5,475 Sunset
21%
231 Torrey
21%
1,605 Wellington
21%
4,060 Wellsville
21%
5,917 West Bountiful
21%
4,687 Elk Ridge
20%
786 Escalante
20%
1,203 Fairview
20%
7,036 Harrisville
20%
132 Hatch
20%
5,234 Hyde Park
20%
442 Kanarraville
20%
864 Leeds
20%
862 Levan
20%
807 Minersville
20%
1,224 Orangeville
20%
7,833 Plain City
20%
11,083 Pleasant View
20%
8,218 Providence
20%
2,914 Richmond
20%
353 Scipio
20%
113 Sundance
20%
486 Tropic
20%
449 Big Water
19%
342 Dugway
19%
690 Eden
19%
1,197 Fountain Green
19%
978 Goshen
19%
1,127 Hildale
19%
1,914 Huntington
19%
356 Marysvale
19%
4,231 Mountain Green
19%
7,328 Nibley
19%
598 Orderville
19%
536 Paragonah
19%
9,267 Washington Terrace
19%
16,739 West Haven
19%
1,978 Willard
19%
151 Brian Head
18%
336 Bryce Canyon City
18%
1,341 Centerfield
18%
550 Circleville
18%
829 Copperton
18%
494 Cove
18%
1,556 East Carbon
18%
60 Echo
18%
405 Elmo
18%
72 Flaming Gorge
18%
838 Henefer
18%
1,606 Honeyville
18%
508 Kanosh
18%
1,339 Mendon
18%
2,515 Monroe
18%
682 Oljato-Monument Valley
18%
118 Antimony
17%
227 Boulder
17%
38 Cache
17%
656 Central
17%
809 Corinne
17%
1,474 Ferron
17%
2,589 Garland
17%
438 Holden
17%
212 Junction
17%
299 Laketown
17%
2,135 Marriott-Slaterville
17%
320 Meadow
17%
236 New Harmony
17%
226 Rockville
17%
1,870 Toquerville
17%
375 Woodland
17%
855 Apple Valley
16%
323 Bicknell
16%
347 Castle Valley
16%
427 Cedar Fort
16%
436 Charleston
16%
417 Deweyville
16%
802 Elsinore
16%
1,564 Francis
16%
614 Hinckley
16%
2,280 Naples
16%
1,588 Oakley
16%
971 Paradise
16%
6,744 Snyderville
16%
529 Spanish Valley
16%
949 Spring City
16%
274 Sterling
16%
621 Stockton
16%
256 Vernon
16%
338 Wales
16%
169 Woodruff
16%
984 Aurora
15%
877 Bear River City
15%
1,173 Elwood
15%
3,673 Erda
15%
160 Fairfield
15%
1,548 Genola
15%
312 Glendale
15%
348 La Sal
15%
1,939 Lewiston
15%
1,522 Liberty
15%
556 Mayfield
15%
2,326 Millville
15%
561 Myton
15%
427 Plymouth
15%
2,144 River Heights
15%
848 Rocky Ridge
15%
8,820 Summit Park
15%
290 Wallsburg
15%
1,521 Woodland Hills
15%
239 Altamont
14%
118 Alton
14%
482 Amalga
14%
1,131 Ballard
14%
186 Cannonville
14%
749 Clarkston
14%
546 Fort Duchesne
14%
244 Koosharem
14%
256 Leamington
14%
196 Lyman
14%
789 Newton
14%
595 Oak City
14%
249 Pine Valley
14%
273 Portage
14%
762 Redmond
14%
93 Samak
14%
512 Trenton
14%
497 Cleveland
13%
274 Cornish
13%
245 Fayette
13%
546 Fielding
13%
922 Hideout
13%
135 Kingston
13%
111 Lynndyl
13%
284 Montezuma Creek
13%
249 Peoa
13%
971 Riverside
13%
26 Scofield
13%
405 Sigurd
13%
1,840 South Willard
13%
143 Tabiona
13%
586 Veyo
13%
423 Wanship
13%
427 Aneth
12%
836 Annabella
12%
390 Avon
12%
1,492 Benson
12%
0 Bonanza
12%
1,383 Carbonville
12%
162 Clawson
12%
327 Deseret
12%
180 Elberta
12%
474 Glenwood
12%
1,076 Granite
12%
240 Howell
12%
121 Independence
12%
179 Interlaken
12%
372 Jensen
12%
491 Neola
12%
1,645 Wolf Creek
12%
647 Central Valley
11%
167 Fremont
11%
221 Henrieville
11%
702 Hoytsville
11%
802 Lake Shore
11%
4,081 Maeser
11%
623 Peter
11%
431 Rush Valley
11%
1,694 Silver Summit
11%
528 Spring Lake
11%
140 Teasdale
11%
807 Thatcher
11%
161 Beryl Junction
10%
871 Dammeron Valley
10%
676 Marion
10%
330 Newcastle
10%
58 Oasis
10%
24 Ophir
10%
443 Palmyra
10%
1,054 Spring Glen
10%
1,250 West Mountain
10%
4 Halls Crossing
9%
169 Hobble Creek
9%
200 Kenilworth
9%
866 Timber Lakes
9%
178 White Mesa
9%
278 Bluebell
8%
273 Halchita
8%
170 Lapoint
8%
450 Navajo Mountain
8%
184 Randlett
8%
147 Sutherland
8%
34 Thompson Springs
8%
95 Tselakai Dezza
8%
1,066 West Wood
8%
221 Whiterocks
8%
99 Cedar Highlands
7%
12 Clear Creek
7%
3,023 East Basin
7%
15 Modena
7%
No matching quizzes found
Score Distribution
Percent of People with Each Score
Percentile by Number Answered
Your Score History
You have not taken this quiz